|
|
|
|
| LEADER |
01276pam a22003258a 4500 |
| 001 |
00033104 |
| 005 |
20171026081025.0 |
| 008 |
150406s2009 ||||||viesd |
| 020 |
|
|
|c 80000
|
| 041 |
0 |
# |
|a vie
|
| 082 |
1 |
4 |
|a 658
|b T550V
|
| 100 |
1 |
# |
|a Tommissen, Koenraad
|
| 245 |
0 |
0 |
|a Tư vấn quản lý : Một quan điểm mới với sự hỗ trợ của các công cụ được tuyển chọn toàn diện
|c Koenraad Tommissen ; Dương Ngọc Dũng (dịch)
|
| 246 |
0 |
1 |
|a An innovative view of management consultancy : Complemented by a comprehensive selection of tools
|
| 250 |
# |
# |
|a Tái bản lần thứ mười một
|
| 260 |
# |
# |
|a TP. Hồ Chí Minh
|b TP. Hồ Chí Minh
|c 2009
|
| 300 |
# |
# |
|a 397tr.
|c 21 cm.
|
| 653 |
# |
# |
|a Quan điểm
|
| 653 |
# |
# |
|a Quản lí
|
| 653 |
# |
# |
|a Tư vấn
|
| 700 |
1 |
# |
|a Dương, Ngọc Dũng
|e Dịch
|
| 852 |
# |
# |
|b Kho mượn
|j KM.0017882, KM.0017883, KM.0017884, KM.0017885
|
| 852 |
# |
# |
|b Kho đọc
|j KD.0016535
|
| 852 |
# |
# |
|j KM.0017883
|j KM.0017884
|j KM.0017885
|j KD.0016535
|j KM.0017882
|
| 910 |
0 |
# |
|a kchi
|d 6/4/2015
|
| 980 |
# |
# |
|a Trung tâm Học liệu Lê Vũ Hùng, Trường Đại học Đồng Tháp
|